000 00526nam a2200181 a 4500
005 20140412111320.0
008 010404s19uu xx 00 eng d
020 _a0-7214-1691-8
050 _aER
_bSl1 1993
100 _aBaxter, Nicola
245 _aSleeping Beauty /
_cby Nicola Baxter; illustrated by Gavin Rowe.
260 _aLeicestershire, UK :
_bLadybird Books Ltd,
_c1993.
300 _a1 v. (unp.) ; ill.
440 _aFavourite Tales
650 _aFairy Tales
650 _aChildren's stories
999 _c104349
_d104349